Rigid body dynamics : a lagrangian approach / Hamad M. Yehia. (Record no. 22225)

000 -LEADER
fixed length control field 00523nam a22001577a 4500
020 ## - INTERNATIONAL STANDARD BOOK NUMBER
ISBN 9783030963361
022 ## - INTERNATIONAL STANDARD SERIAL NUMBER
ISSN 18769896
082 ## - DEWEY DECIMAL CLASSIFICATION NUMBER
Classification number 531.3
Item number Y436 2022
100 ## - MAIN ENTRY--AUTHOR NAME
Personal name Yehia, Hamad M., author.
245 ## - TITLE STATEMENT
Title Rigid body dynamics : a lagrangian approach / Hamad M. Yehia.
260 ## - PUBLICATION, DISTRIBUTION, ETC. (IMPRINT)
Place of publication Cham, Switzerland :
Name of publisher Springer Nature Switzerland,
Year of publication 2022.
300 ## - PHYSICAL DESCRIPTION
Number of Pages 1 online resource, xxv, 460 pages :
Other physical details illustrations (some color).
500 ## - GENERAL NOTE
General note Includes bibliographic references.
650 ## - SUBJECT ADDED ENTRY--TOPICAL TERM
Topical Term Dynamic -- Rigid
942 ## - ADDED ENTRY ELEMENTS (KOHA)
Koha item type Electronic Books
Holdings
Source of acquisition Permanent Location Date acquired Collection code Koha item type Lost status Shelving location Withdrawn status Current Location Full call number
DonationsCagayan State University - Carig Library2026-04-13E-BooksElectronic Books E-Resource Section Cagayan State University - Carig Library531.3 Y436 2022

Cagayan State University University Library, Carig Campus
Tuguegarao City, Cagayan 3500 | www.csucarig.edu.ph

Powered by Koha